| 000 | 00806 a2200193 4500 | ||
|---|---|---|---|
| 003 | Nust | ||
| 005 | 20221104120216.0 | ||
| 010 | _a7388136 | ||
| 040 | _cNust | ||
| 082 | _a510,YOU | ||
| 100 |
_aYouse, Bevan K. _9102377 |
||
| 245 |
_aAn Introduction to mathematics / _cBevan K. Youse |
||
| 250 | _a2nd ed | ||
| 260 |
_aBostan _bAllyn and Bacon _c1970 |
||
| 300 | _a287 p. | ||
| 505 | _aThe nature of mathematics (Page-1), Numbers and numerals (Page-7), Checks and pseudo-checks(page 41), The expanding world of numbers (Page-63), Number patterns (Page-93), A look at topology (Page-129), Probability and statistics (Page-157), Logic and axiomatic approach (Page-189), The principles of computer programming (Page-227), Number theory (Page-247). | ||
| 650 | _aMathematics | ||
| 942 |
_2ddc _cBK _k510,YOU |
||
| 999 |
_c180215 _d180215 |
||